| 000 | 01448cam a2200313 a 4500 | ||
|---|---|---|---|
| 001 | 15203576 | ||
| 005 | 20081223161748.0 | ||
| 008 | 080303s2008 nyuab b 001 0 eng | ||
| 010 | _a2008009846 | ||
| 015 |
_aGBA897088 _2bnb |
||
| 020 | _a007149023X (alk. paper) | ||
| 020 | _a9780071490238 (alk. paper) | ||
| 035 | _a(OCoLC)ocn213133359 | ||
| 035 |
_a(OCoLC)213133359 _z(OCoLC)176924638 |
||
| 040 |
_aDLC _cDLC _dDLC |
||
| 050 | 0 | 0 |
_aTP360 _b.S675 2008 |
| 082 | 0 | 0 |
_a662.66 _222 _bSPE |
| 100 | 1 |
_aSpeight, J. G. _93204 |
|
| 245 | 1 | 0 |
_aSynthetic Fuels Handbook : _bProperties, Process, and Performance / _cJames G. Speight. |
| 260 |
_aNew York : _bMcGraw-Hill, _cc2008. |
||
| 300 |
_ax, 421 p. : _bill., map ; _c24 cm. |
||
| 490 | 0 |
_aMcGraw-Hill handbooks _919975 |
|
| 504 | _aIncludes bibliographical references and index. | ||
| 650 | 0 |
_aSynthetic fuels. _93205 |
|
| 942 |
_2ddc _cBB |
||
| 999 |
_c11198 _d11198 |
||